Statistics for Harry Potter and The Deathly Hallows

Click here to take the quiz!

General Stats

  • This quiz has been taken 173 times
  • The average score is 10 of 15

Answer Stats

Hint Answer % Correct
Who does Harry marry?Ginny
96%
Who does the Resurrection Stone make appear? Lupin, James, Sirius and ____Lily
94%
What number is this book in the series?7
91%
What is the 1st Deathly Hallow - that Harry first owns?Invisibility Cloak
82%
Which long time enemy do they see at the station?Draco Malfoy
81%
What is his middle son's full name?Albus Severus Potter
81%
What does Neville become a Professor of?Herbology
79%
What vast colour is the area?White
76%
What does James scare Albus with? 'You might be in _________'Slytherin
74%
What do Ron and Hermione call their daughter?Rose
69%
Where does Harry say he is after he is cursed by Voldemort and meets Dumbledore?Kings Cross
65%
What are the last 3 words of the story?All was well
42%
What does Ginny ask Albus to give to Neville?Love
33%
Who's tomb does Voldemort break into, and where is it?Dumbledore, Hogwarts
28%
What does Ron call his father, when speaking to his children?Granddad Weasley
6%

Score Distribution

Percentile by Number Answered

Percent of People with Each Score

Your Score History

You have not taken this quiz